Timber Bridges /

Saved in:
Bibliographic Details
Main Author: Metten, Christopher J. (Author)
Corporate Author: TRADA Technology Ltd (Editor)
Format: Book
Language:English
Published: Abingdon, Oxfordshire : Spon Press, Routledge, 2019
Edition:1. vydanie paperback
Subjects:
Tags: Add Tag
No Tags, Be the first to tag this record!

MARC

LEADER 00000nam a22000003a 4500
001 0112227
003 SK-STU
005 20241107150930.9
007 ta
008 241107s ----xo-----e------000-0-----d
020 |a 978-0-367-38274-2 
040 |a STU  |b slo 
041 0 |a eng 
044 |a xxk  |a xxu 
100 1 |a Metten, Christopher J.  |4 aut 
110 2 |a TRADA Technology Ltd  |4 edt 
245 1 0 |a Timber Bridges /  |c aut. Christopher J Metten 
250 |a 1. vydanie paperback 
260 |a Abingdon, Oxfordshire :  |b Spon Press, Routledge,  |c 2019 
300 |a 176 s. 
650 0 7 |a drevostavby 
650 0 7 |a drevené mosty 
650 0 7 |a stavebné materiály 
650 0 7 |a architektonické navrhovanie 
650 0 7 |a stavebné konštrukcie 
650 0 7 |a statika a dynamika 
650 0 7 |a prípadové štúdie 
996 |b 284AU10280  |c A* 13554/U  |l AAKNST  |s P  |a 0  |w 0112227_0001